zpět

Detail výsledku týmu

U Lucerny ČT, Brno

Datum a čas kvízu

20.5 Celkem bodů Celkový počet nahraných bodů na tomto kvízu bez doplňovacích otázek.
9. Pořadí na kvízu Konečné umístění týmu na tomto kvízu.

Zaznamenané odpovědi

# Otázka Odpověď Body Výsledky
1. Provoz a výrobu v rafinérii v... Litvínov 1
2. Jihokorejská vláda nasadila na... na hledání štěnic 0
3. Jeden z nejkrásnějších, ale té... Jennifer Lopez, Ben Affleck 0
4. Fanoušci značky Škoda vybrali... Kylaq 0
5. Minulý týden došlo ke zveřejně... Jannik Sinner 0
6. Historie Texasu je těsně spoje... San Antonio 0
7. Hranici mezi Texasem a Mexikem... Colorado 0
8. Jedním z důvodů navštívit Hous... Saturn V 0
9. Jak se jmenoval americký polit... Stephen F. Austin 0
10. Mezi několik známých osobností... Eva Longoria, Zoufalé manželky 0